[Event "14th Poti Open-A 2019"]
[Site "Poti"]
[Date "2019.07.19"]
[Round "8.17"]
[White "Virabyan, Gor"]
[Black "Manukyan, Aleks"]
[Result "1-0"]
[WhiteElo "2048"]
[BlackElo "2097"]
[Annotator "NA RC"]
[PlyCount "105"]
[EventDate "2019.07.13"]
[EventType "swiss"]
[EventCountry "GEO"]
[SourceTitle "playchess.com"]
[Source "ChessBase"]
[SourceQuality "1"]
[TimeControl "40/5400+30:1800+30"]

1. Nf3 {[%emt 0:00:00]} Nf6 {[%emt 0:00:00]} 2. b3 {[%emt 0:00:00]} c5 {[%emt 0:00:56]} 3. Bb2 {[%emt 0:00:00]} e6 {[%emt 0:00:15]} 4. e3 {[%emt 0:00:36]} Be7 {[%emt 0:00:58]} 5. d4 {[%emt 0:00:13]} b6 {[%emt 0:00:53]} 6. Bd3 {[%emt 0:00:12]} Bb7 {[%emt 0:00:15]} 7. O-O {[%emt 0:00:16]} O-O {[%emt 0:00:13]} 8. Nbd2 {[%emt 0:00:09]} Nc6 {[%emt 0:01:38]} 9. c4 {[%emt 0:01:19] A47: 1 d4 Nf6 2 Nf3 b6: Torre, London and Colle Systems} (9. a3 Rc8 10. Re1 d5 11. Qe2 cxd4 12. exd4 Re8 13. c4 Bf8 14. Rad1 g6 15. Qe3 Bg7 16. Ne5 dxc4 17. bxc4 Nxe5 18. dxe5 {0-1 (48) Mamedyarov,S (2768)-Leko,P (2693) Doha 2016}) 9... Rc8 {[%emt 0:01:48]} 10. Rc1 {[%emt 0:00:08]} d6 {[%emt 0:01:09]} 11. Qe2 {[%emt 0:00:35]} Qc7 {[%emt 0:01:32]} 12. Rfd1 {[%emt 0:00:49]} Rfd8 {[%emt 0:00:37]} 13. Bb1 {[%emt 0:02:55]} Ba6 $146 {[%emt 0:05:59]} ({Predecessor:} 13... Nb8 14. h3 Nbd7 15. Nf1 Ne4 16. d5 exd5 17. cxd5 {0-1 (43) Starke,R (2140)-Enxing,S Germany 1997}) 14. a3 {[%emt 0:20:16]} d5 {[%emt 0:04:44]} 15. Ne5 {[%emt 0:13:49]} Nxe5 {[%emt 0:17:41]} 16. dxe5 {[%emt 0:00:07]} Nd7 {[%emt 0:00:12]} 17. f4 {[%emt 0:10:55]} Nf8 {[%emt 0:02:27]} 18. Qg4 {[%emt 0:01:08]} Ng6 {[%emt 0:06:33]} 19. h4 {[%emt 0:05:24]} Nxh4 {[%emt 0:03:32]} 20. cxd5 {[%emt 0:00:22]} Rxd5 {[%emt 0:02:34]} 21. e4 {[%emt 0:00:12]} Rd7 {[%emt 0:08:34]} 22. f5 {[%emt 0:01:17]} Qd8 {[%emt 0:11:05]} 23. Nc4 {[%emt 0:08:37]} Bxc4 {[%emt 0:01:32]} 24. bxc4 {[%emt 0:02:38]} h5 {[%emt 0:03:10]} 25. Qxh5 {[%emt 0:07:01]} Rd2 {[%emt 0:01:50]} 26. Bc3 {[%emt 0:01:06]} Rxg2+ {[%emt 0:00:33]} 27. Kh1 {[%emt 0:01:36]} Qc7 {[%emt 0:00:28]} 28. Rg1 {[%emt 0:02:33]} Rxg1+ {[%emt 0:06:36]} 29. Rxg1 {[%emt 0:00:10]} Qc6 {[%emt 0:04:12]} 30. f6 {[%emt 0:04:06]} Nf5 {[%emt 0:00:14]} 31. Rg2 {[%emt 0:01:31]} g6 {[%emt 0:00:22]} 32. fxe7 {[%emt 0:02:23]} Nxe7 {[%emt 0:00:19]} 33. Qh4 {[%emt 0:00:14]} Kf8 {[%emt 0:00:37]} 34. Qh6+ {[%emt 0:01:26]} Ke8 {[%emt 0:00:16]} 35. Rd2 {[%emt 0:00:55]} Nf5 {[%emt 0:00:21]} 36. Qh8+ {[%emt 0:00:43]} Ke7 {[%emt 0:00:01]} 37. Qf6+ {[%emt 0:00:08]} Kf8 {[%emt 0:00:15]} 38. Kg1 {[%emt 0:01:03]} Ng7 {[%emt 0:01:06] [#]} 39. Rf2 $18 {[%emt 0:02:18]} Qd7 {[%emt 0:00:07]} 40. Bd2 {[%emt 0:01:05]} Kg8 {[%emt 0:00:48]} 41. Bc2 {[%emt 0:30:28]} Nh5 {[%emt 0:30:27]} 42. Qf3 {[%emt 0:00:18]} Qe7 {[%emt 0:00:26]} 43. Qg4 {[%emt 0:00:36]} Qc7 {[%emt 0:00:48]} 44. Qg5 {[%emt 0:00:35]} Rd8 {[%emt 0:00:23]} 45. Be3 {[%emt 0:00:11]} b5 {[%emt 0:00:44]} 46. cxb5 {[%emt 0:01:43]} c4 {[%emt 0:00:10]} 47. a4 {[%emt 0:02:11]} c3 {[%emt 0:00:09]} 48. a5 {[%emt 0:00:11]} Qxa5 {[%emt 0:00:30]} 49. b6 {[%emt 0:00:15]} Re8 {[%emt 0:00:48]} 50. bxa7 {[%emt 0:00:11]} Qa1+ {[%emt 0:00:04]} 51. Kg2 {[%emt 0:00:19]} Qa5 {[%emt 0:00:29]} 52. Bd1 {[%emt 0:00:28]} Ng7 {[%emt 0:00:11]} 53. Qf6 {[%emt 0:00:15]} 1-0

[Event "14th Poti Open-A 2019"]
[Site "Poti"]
[Date "2019.07.19"]
[Round "8.18"]
[White "Kvaratskhelia, Dimitri"]
[Black "Qalichava, Akaki"]
[Result "1/2-1/2"]
[WhiteElo "2014"]
[BlackElo "1808"]
[Annotator "NA RC"]
[PlyCount "53"]
[EventDate "2019.07.13"]
[EventType "swiss"]
[EventCountry "GEO"]
[SourceTitle "playchess.com"]
[Source "ChessBase"]
[SourceQuality "1"]
[TimeControl "40/5400+30:1800+30"]

1. d4 {[%emt 0:00:00]} Nf6 2. c4 {[%emt 0:00:00]} e6 {[%emt 0:00:00]} 3. Nf3 {[%emt 0:00:00]} b6 {[%emt 0:00:00]} 4. g3 {[%emt 0:00:00]} Ba6 {[%emt 0:00:00]} 5. b3 {[%emt 0:00:00]} Bb4+ {[%emt 0:00:00]} 6. Bd2 {[%emt 0:00:00]} Be7 {[%emt 0:00:00]} 7. Bg2 {[%emt 0:00:03]} d5 {[%emt 0:00:01]} 8. Ne5 {[%emt 0:00:55]} c6 {[%emt 0:00:21]} 9. O-O {[%emt 0:00:27]} Nfd7 {[%emt 0:00:07]} 10. Nxd7 {[%emt 0:00:07]} Nxd7 {[%emt 0:00:04]} 11. Bc3 {[%emt 0:00:25]} Rc8 {[%emt 0:02:24]} 12. Nd2 {[%emt 0:00:21]} O-O {[%emt 0:00:34]} 13. e4 {[%emt 0:00:36]} dxe4 {[%emt 0:00:13]} 14. Nxe4 {[%emt 0:00:25] E15: Queen's Indian: 4 g3 sidelines, 4 g3 Ba6 and 4 g3 Bb7 early deviations} Nf6 {[%emt 0:00:23]} 15. a4 {[%emt 0:03:18]} Nxe4 {[%emt 0:04:34]} 16. Bxe4 {[%emt 0:00:28]} Bf6 {[%emt 0:00:12]} 17. Qd3 {[%emt 0:04:27]} g6 $146 {[%emt 0:01:37]} ({Predecessor:} 17... h6 18. Rfd1 Qc7 19. h4 Rfd8 20. Qf3 c5 {½-½ (53) Teske,H (2529)-Markos,J (2467) Pardubice 2002}) 18. Rfd1 {[%emt 0:00:19]} Qc7 {[%emt 0:00:56]} 19. h4 {[%emt 0:20:17]} h5 $14 {[%emt 0:10:52]} 20. Qe3 {[%emt 0:10:08]} Rfd8 {[%emt 0:07:33]} 21. Rac1 {[%emt 0:00:33]} Bg7 {[%emt 0:01:14]} 22. Bf3 {[%emt 0:02:53]} Re8 {[%emt 0:03:58]} 23. Rc2 {[%emt 0:03:51]} Rcd8 {[%emt 0:07:07]} 24. Rcd2 {[%emt 0:02:23]} Bb7 {[%emt 0:06:46]} 25. Qe4 {[%emt 0:12:22]} Re7 {[%emt 0:02:59]} 26. Qc2 {[%emt 0:01:09]} Red7 {[%emt 0:00:26]} 27. Qb2 {[%emt 0:07:28]} 1/2-1/2

[Event "14th Poti Open-A 2019"]
[Site "Poti"]
[Date "2019.07.19"]
[Round "8.19"]
[White "Pluzyan, Aram"]
[Black "Sukiasyan, Artem V."]
[Result "1/2-1/2"]
[WhiteElo "2087"]
[BlackElo "1921"]
[Annotator "NA RC"]
[PlyCount "50"]
[EventDate "2019.07.13"]
[EventType "swiss"]
[EventCountry "GEO"]
[SourceTitle "playchess.com"]
[Source "ChessBase"]
[SourceQuality "1"]
[TimeControl "40/5400+30:1800+30"]

1. e4 {[%emt 0:00:00]} e5 {[%emt 0:00:00]} 2. Nc3 {[%emt 0:00:00]} Bc5 {[%emt 0:01:34]} 3. Bc4 {[%emt 0:01:28]} Nf6 {[%emt 0:02:49]} 4. Nf3 {[%emt 0:00:04]} d6 {[%emt 0:00:31]} 5. d3 {[%emt 0:00:33]} h6 {[%emt 0:00:47]} 6. Na4 {[%emt 0:01:09]} Bb6 {[%emt 0:00:19]} 7. Nxb6 {[%emt 0:00:21]} axb6 {[%emt 0:00:05]} 8. h3 {[%emt 0:00:43]} Nc6 {[%emt 0:00:05]} 9. a3 {[%emt 0:00:21]} O-O 10. O-O Be6 11. Qe2 (11. Bxe6 $11 fxe6 12. a4) 11... Bxc4 12. dxc4 Nh7 13. g4 Qd7 14. Kh2 g5 15. Rd1 Qe6 $11 16. Be3 Qg6 17. Nd2 Rfd8 18. f3 Nf8 19. Nf1 Ne6 20. Ng3 Qf6 21. Qf2 Ne7 22. Rh1 Ng6 23. Nf5 Ne7 24. Ng3 Ng6 25. Nf5 Ne7 1/2-1/2

[Event "14th Poti Open-A 2019"]
[Site "Poti"]
[Date "2019.07.19"]
[Round "8.20"]
[White "Mindiashvili, Tengiz"]
[Black "Ismayil, Malak"]
[Result "1-0"]
[WhiteElo "1862"]
[BlackElo "1886"]
[Annotator "NA RC"]
[PlyCount "153"]
[EventDate "2019.07.13"]
[EventType "swiss"]
[EventCountry "GEO"]
[SourceTitle "playchess.com"]
[Source "ChessBase"]
[SourceQuality "1"]
[TimeControl "40/5400+30:1800+30"]

1. b3 {[%emt 0:00:48]} Nf6 {[%emt 0:00:00]} 2. Bb2 {[%emt 0:00:07]} g6 {[%emt 0:00:00]} 3. Bxf6 {[%emt 0:01:24]} exf6 {[%emt 0:00:00]} 4. c4 {[%emt 0:00:08]} Bg7 {[%emt 0:00:15]} 5. Nc3 {[%emt 0:00:08]} f5 {[%emt 0:05:10]} 6. Rc1 {[%emt 0:00:24] A01: Nimzowitsch-Larsen Opening} Nc6 {[%emt 0:00:25]} (6... c5 7. g3 O-O 8. Bg2 Nc6 9. Nh3 g5 10. f4 h6 11. O-O d6 12. fxg5 hxg5 {1-0 (40) Rapport,R (2709)-Naiditsch,A (2711) Jurmala 2015}) 7. g3 {[%emt 0:00:35]} O-O {[%emt 0:01:14]} 8. e3 {[%emt 0:00:27]} Re8 {[%emt 0:00:12]} 9. Bg2 {[%emt 0:01:18]} a6 {[%emt 0:11:17]} 10. Nge2 {[%emt 0:04:01]} b5 {[%emt 0:04:29]} 11. O-O {[%emt 0:01:36]} Rb8 {[%emt 0:02:57]} 12. cxb5 $146 {[%emt 0:04:55]} ({Predecessor:} 12. d4 Ne7 {1-0 (44) Jota,J (2101)-Laylo,D (2433) Manila 2017}) 12... axb5 {[%emt 0:00:04]} 13. a4 {[%emt 0:00:31]} bxa4 {[%emt 0:02:26]} 14. bxa4 {[%emt 0:00:07]} Nb4 {[%emt 0:03:36]} 15. d4 {[%emt 0:09:08]} Ba6 {[%emt 0:02:09]} 16. Qd2 {[%emt 0:10:00]} d5 {[%emt 0:09:17]} 17. Rb1 {[%emt 0:03:16]} Bf8 {[%emt 0:02:44]} (17... c6 $11 {remains equal.}) 18. Rb2 {[%emt 0:05:35]} c6 {[%emt 0:05:39]} 19. Rfb1 {[%emt 0:00:53]} Qc7 {[%emt 0:03:10]} 20. Nc1 {[%emt 0:02:53]} Rb7 {[%emt 0:06:11]} 21. Bf1 {[%emt 0:04:29]} Bxf1 {[%emt 0:01:32]} 22. Kxf1 {[%emt 0:00:02]} Reb8 {[%emt 0:00:16]} 23. Nd3 {[%emt 0:09:34]} Nxd3 {[%emt 0:01:23]} 24. Rxb7 {[%emt 0:00:02]} Rxb7 {[%emt 0:00:07]} 25. Qxd3 {[%emt 0:00:23]} Rxb1+ {[%emt 0:01:28]} 26. Qxb1 {[%emt 0:00:03]} Qa5 {[%emt 0:00:16]} 27. Qc2 {[%emt 0:00:38]} Kg7 {[%emt 0:05:45]} 28. Ne2 {[%emt 0:02:29]} Qa6 {[%emt 0:00:54]} 29. Kg2 {[%emt 0:00:47]} Bb4 {[%emt 0:05:12]} 30. Nf4 {[%emt 0:02:06]} Qc4 {[%emt 0:19:03]} 31. Qd1 {[%emt 0:22:17]} Qa2 {[%emt 0:04:40]} 32. h4 {[%emt 0:00:36]} h6 {[%emt 0:01:15]} 33. Nd3 {[%emt 0:01:02]} Bd6 {[%emt 0:00:31]} 34. Nc1 {[%emt 0:00:50]} Qb1 {[%emt 0:02:13]} 35. a5 {[%emt 0:05:32]} Qb5 {[%emt 0:00:46]} 36. Nb3 {[%emt 0:00:25]} Qa4 {[%emt 0:00:29]} 37. Qd3 {[%emt 0:00:33]} Qc4 {[%emt 0:00:41]} 38. Qxc4 {[%emt 0:02:04]} dxc4 {[%emt 0:00:01]} 39. Nd2 {[%emt 0:00:34]} c3 {[%emt 0:00:07]} 40. Nb3 {[%emt 0:00:01]} Kf6 {[%emt 0:00:32]} 41. Kf3 {[%emt 0:30:40]} Ke7 {[%emt 0:31:02]} 42. Ke2 {[%emt 0:00:23]} Kd8 {[%emt 0:00:31]} 43. Kd3 {[%emt 0:00:40]} Kc7 {[%emt 0:00:46]} 44. Kxc3 {[%emt 0:00:09]} Kb7 {[%emt 0:00:04]} 45. Kc4 {[%emt 0:01:19]} Ka6 {[%emt 0:00:23]} 46. Nc5+ {[%emt 0:00:32]} Ka7 {[%emt 0:00:24]} 47. d5 {[%emt 0:00:54]} cxd5+ {[%emt 0:00:07]} 48. Kxd5 {[%emt 0:00:02]} Bc7 {[%emt 0:00:07]} 49. a6 {[%emt 0:01:45]} Kb6 {[%emt 0:00:58]} 50. Nd7+ {[%emt 0:01:28]} Kxa6 {[%emt 0:00:21]} 51. Ne5 {[%emt 0:00:02]} Ba5 {[%emt 0:00:37]} 52. Kd6 {[%emt 0:01:21]} Bb4+ {[%emt 0:00:47]} 53. Kd7 {[%emt 0:00:04]} Kb5 {[%emt 0:00:30]} 54. Ke8 {[%emt 0:00:36]} f6 {[%emt 0:00:13]} 55. Nxg6 {[%emt 0:00:39]} Be1 {[%emt 0:00:03]} 56. Ne7 {[%emt 0:00:17]} Bxf2 {[%emt 0:00:37]} 57. Nxf5 {[%emt 0:00:02]} Kc4 {[%emt 0:00:26]} 58. Kf7 {[%emt 0:00:13]} Kd5 {[%emt 0:01:19]} 59. Kxf6 {[%emt 0:00:19]} h5 {[%emt 0:00:07]} 60. Kg5 {[%emt 0:01:16]} Ke4 {[%emt 0:00:15]} 61. Kxh5 {[%emt 0:03:48]} Kxf5 {[%emt 0:00:12]} 62. g4+ {[%emt 0:00:07]} Kf6 {[%emt 0:01:20]} 63. g5+ {[%emt 0:00:23]} Kf5 $2 {[%emt 0:00:43]} (63... Ke6 $11) 64. g6 {[%emt 0:01:22]} Kf6 $18 {[%emt 0:00:15]} 65. Kh6 {[%emt 0:00:10]} Bxh4 {[%emt 0:01:17]} 66. g7 {[%emt 0:00:10]} Bg5+ {[%emt 0:00:08]} 67. Kh7 {[%emt 0:00:03]} Bxe3 {[%emt 0:00:08]} 68. g8=Q {[%emt 0:00:08]} Ke5 {[%emt 0:00:44]} 69. Kg6 {[%emt 0:00:15]} Ke4 {[%emt 0:00:07]} 70. Qe6+ {[%emt 0:00:12]} Kd3 {[%emt 0:00:14]} 71. Kf5 {[%emt 0:00:09]} Bd4 {[%emt 0:00:21]} 72. Qd5 {[%emt 0:00:31]} Kc3 {[%emt 0:00:19]} 73. Ke4 {[%emt 0:00:02]} Bh8 {[%emt 0:00:48]} 74. Qc5+ {[%emt 0:00:25]} Kb3 {[%emt 0:00:17]} 75. Kd3 {[%emt 0:00:10]} Bb2 {[%emt 0:01:20]} 76. Qc4+ {[%emt 0:00:25]} Ka3 {[%emt 0:00:04]} 77. Ke4 1-0

[Event "14th Poti Open-A 2019"]
[Site "Poti"]
[Date "2019.07.19"]
[Round "8.21"]
[White "Mikayelyan, Mikael"]
[Black "Bechvaia, Gabriel"]
[Result "1-0"]
[WhiteElo "1736"]
[BlackElo "1793"]
[Annotator "NA RC"]
[PlyCount "117"]
[EventDate "2019.07.13"]
[EventType "swiss"]
[EventCountry "GEO"]
[SourceTitle "playchess.com"]
[Source "ChessBase"]
[SourceQuality "1"]
[TimeControl "40/5400+30:1800+30"]

1. Nf3 {[%emt 0:00:00]} Nf6 {[%emt 0:00:35]} 2. g3 {[%emt 0:00:00]} g6 {[%emt 0:00:05]} 3. Bg2 {[%emt 0:00:00]} Bg7 {[%emt 0:00:05]} 4. O-O {[%emt 0:00:00]} O-O {[%emt 0:00:05]} 5. c4 {[%emt 0:00:00]} d6 {[%emt 0:00:15]} 6. Nc3 {[%emt 0:00:30]} Nbd7 {[%emt 0:00:16]} 7. d3 {[%emt 0:01:05]} e5 {[%emt 0:02:20]} 8. Rb1 {[%emt 0:02:14]} c6 {[%emt 0:04:28]} 9. Nd2 {[%emt 0:04:01]} Nb6 {[%emt 0:01:27]} 10. b4 {[%emt 0:03:29]} d5 {[%emt 0:01:25]} 11. a4 {[%emt 0:03:20]} Be6 {[%emt 0:03:49]} 12. a5 {[%emt 0:00:51]} Nbd7 {[%emt 0:01:54]} 13. Qb3 {[%emt 0:05:05]} e4 {[%emt 0:18:02]} 14. Qa3 {[%emt 0:07:07]} exd3 {[%emt 0:16:30]} 15. exd3 {[%emt 0:01:02]} Ne5 {[%emt 0:00:12]} 16. d4 {[%emt 0:06:40]} Nxc4 {[%emt 0:00:37]} 17. Nxc4 {[%emt 0:00:12]} dxc4 {[%emt 0:00:01]} 18. a6 {[%emt 0:00:33]} Qd7 {[%emt 0:13:30]} 19. b5 {[%emt 0:11:24]} Bd5 {[%emt 0:13:58]} 20. axb7 {[%emt 0:14:29]} Qxb7 {[%emt 0:00:02]} 21. bxc6 {[%emt 0:00:26]} Qxc6 {[%emt 0:00:01]} 22. Nxd5 {[%emt 0:00:17]} Nxd5 {[%emt 0:00:07]} 23. Qa5 {[%emt 0:00:07]} Rad8 {[%emt 0:06:20]} 24. Rb5 {[%emt 0:03:03]} Qf6 {[%emt 0:04:13]} 25. Rxd5 {[%emt 0:00:32]} Rxd5 {[%emt 0:00:27]} 26. Qxd5 {[%emt 0:00:20]} Qxd4 {[%emt 0:00:22]} 27. Qxd4 {[%emt 0:01:04]} Bxd4 {[%emt 0:00:02]} 28. Be3 {[%emt 0:00:56]} Bxe3 {[%emt 0:00:25]} 29. fxe3 {[%emt 0:00:04]} Rc8 {[%emt 0:00:18]} 30. Rc1 {[%emt 0:00:19]} Kg7 {[%emt 0:03:53]} 31. Rc3 {[%emt 0:00:05]} f5 {[%emt 0:02:36]} 32. Bf1 {[%emt 0:00:05]} Rc7 {[%emt 0:02:02]} 33. Rxc4 {[%emt 0:00:39]} Re7 {[%emt 0:00:01]} 34. Kf2 {[%emt 0:00:07]} Kf6 {[%emt 0:00:27]} 35. Ke2 {[%emt 0:00:16]} Ke5 {[%emt 0:02:04]} 36. Bg2 {[%emt 0:00:08]} Rd7 {[%emt 0:01:55]} 37. Rc5+ {[%emt 0:00:08]} Kf6 {[%emt 0:00:14]} 38. Rb5 {[%emt 0:00:52]} Rc7 {[%emt 0:00:52]} 39. Kd2 {[%emt 0:00:08]} Rd7+ {[%emt 0:00:36]} 40. Rd5 {[%emt 0:00:30]} Rc7 {[%emt 0:00:13]} 41. Rd4 {[%emt 0:30:18]} Ke5 {[%emt 0:30:55]} 42. Bd5 {[%emt 0:00:52]} g5 {[%emt 0:01:20]} 43. Bb3 {[%emt 0:00:40]} h5 {[%emt 0:01:17]} 44. Rd5+ {[%emt 0:00:08]} Ke4 {[%emt 0:01:01]} 45. Rd8 {[%emt 0:00:33]} f4 {[%emt 0:00:26]} 46. gxf4 {[%emt 0:00:24]} gxf4 {[%emt 0:00:01]} 47. Rd4+ {[%emt 0:00:18]} Ke5 {[%emt 0:00:13]} 48. Rxf4 {[%emt 0:00:15]} Rg7 {[%emt 0:00:15]} 49. Ke2 {[%emt 0:00:23]} Rg2+ {[%emt 0:00:38]} 50. Rf2 {[%emt 0:00:14]} Rg4 {[%emt 0:00:11]} 51. Bd1 {[%emt 0:00:17]} a5 {[%emt 0:01:04]} 52. Bc2 {[%emt 0:00:32]} h4 {[%emt 0:00:31]} 53. Kf1 {[%emt 0:00:41]} a4 {[%emt 0:00:59]} 54. Rf5+ {[%emt 0:00:22]} Kd6 {[%emt 0:00:28]} 55. Rf4 {[%emt 0:05:12]} Rxf4+ {[%emt 0:00:09]} 56. exf4 {[%emt 0:00:06]} Kd5 {[%emt 0:00:44]} 57. Kf2 {[%emt 0:00:06]} a3 {[%emt 0:00:07]} 58. Kf3 {[%emt 0:00:38]} Kc4 {[%emt 0:00:28]} 59. Bh7 {[%emt 0:00:07]} 1-0

[Event "14th Poti Open-A 2019"]
[Site "Poti"]
[Date "2019.07.19"]
[Round "8.22"]
[White "Bolkvadze, Tedo"]
[Black "Naqopia, Giorgi"]
[Result "0-1"]
[WhiteElo "1611"]
[BlackElo "1680"]
[Annotator "NA RC"]
[PlyCount "84"]
[EventDate "2019.07.13"]
[EventType "swiss"]
[EventCountry "GEO"]
[SourceTitle "playchess.com"]
[Source "ChessBase"]
[SourceQuality "1"]
[TimeControl "40/5400+30:1800+30"]

1. d4 {[%emt 0:00:00]} Nf6 {[%emt 0:00:42]} 2. Nf3 {[%emt 0:00:00]} d6 {[%emt 0:00:13]} 3. c4 {[%emt 0:00:12]} Nbd7 {[%emt 0:00:26]} 4. g3 {[%emt 0:00:18]} e5 {[%emt 0:00:25]} 5. Bg2 {[%emt 0:01:09]} c6 {[%emt 0:00:08]} 6. O-O {[%emt 0:00:27]} e4 {[%emt 0:00:50]} 7. Ng5 {[%emt 0:06:27]} d5 {[%emt 0:00:18]} 8. cxd5 {[%emt 0:02:12]} cxd5 {[%emt 0:00:08]} 9. Nc3 {[%emt 0:00:26]} h6 {[%emt 0:00:07]} 10. Nh3 {[%emt 0:00:04]} Nb6 {[%emt 0:01:08]} 11. f3 {[%emt 0:02:14]} exf3 {[%emt 0:01:40]} 12. exf3 {[%emt 0:00:58]} Be7 {[%emt 0:00:40]} 13. Nf2 {[%emt 0:04:46]} O-O {[%emt 0:01:07]} 14. Nd3 {[%emt 0:03:11]} Bf5 {[%emt 0:07:01]} 15. Ne5 {[%emt 0:05:39]} Rc8 {[%emt 0:01:08]} 16. Be3 {[%emt 0:01:05]} Nc4 {[%emt 0:00:15]} 17. Nxc4 {[%emt 0:00:54]} dxc4 {[%emt 0:02:32]} 18. Qd2 {[%emt 0:01:51]} Bb4 {[%emt 0:00:12]} 19. Qf2 {[%emt 0:02:36]} Bxc3 {[%emt 0:02:01]} 20. bxc3 {[%emt 0:00:30]} Qa5 {[%emt 0:00:28]} 21. Qb2 {[%emt 0:02:23]} b5 {[%emt 0:00:51]} 22. Bd2 {[%emt 0:04:50]} Rfe8 {[%emt 0:08:18]} 23. Rfe1 {[%emt 0:01:07]} Qb6 {[%emt 0:08:25]} 24. a4 {[%emt 0:08:06]} Rxe1+ {[%emt 0:00:59]} 25. Bxe1 {[%emt 0:00:26]} bxa4 {[%emt 0:00:03]} 26. Qxb6 {[%emt 0:00:44]} axb6 {[%emt 0:00:02]} 27. Rxa4 {[%emt 0:00:10]} Re8 {[%emt 0:00:03]} 28. Kf2 {[%emt 0:01:18]} Bd3 {[%emt 0:00:08]} 29. Ra2 {[%emt 0:08:21]} Nd5 {[%emt 0:00:20]} 30. f4 {[%emt 0:01:26]} Ne3 {[%emt 0:00:19]} 31. Bf3 {[%emt 0:00:25]} Nf1 {[%emt 0:02:49]} 32. h3 {[%emt 0:15:10]} Nxg3 {[%emt 0:00:50]} 33. Kxg3 {[%emt 0:00:07]} Rxe1 {[%emt 0:00:13]} 34. Ra8+ {[%emt 0:00:03]} Kh7 {[%emt 0:00:08]} 35. Rb8 {[%emt 0:00:29]} Rc1 {[%emt 0:00:27]} 36. Rxb6 {[%emt 0:00:46]} Rxc3 {[%emt 0:00:09]} 37. Kf2 {[%emt 0:00:14]} Bf5 {[%emt 0:00:27]} 38. h4 {[%emt 0:05:24]} Rd3 {[%emt 0:00:15]} 39. d5 {[%emt 0:01:41]} c3 {[%emt 0:00:09]} 40. Rc6 {[%emt 0:00:04]} c2 {[%emt 0:00:05]} 41. d6 {[%emt 0:33:06]} Rxd6 {[%emt 0:30:15]} 42. Rxd6 {[%emt 0:01:19]} c1=Q {[%emt 0:00:10]} 0-1

[Event "14th Poti Open-A 2019"]
[Site "Poti"]
[Date "2019.07.19"]
[Round "8.23"]
[White "Liponava, Zurab"]
[Black "Nurijanyan, Alex"]
[Result "1-0"]
[WhiteElo "1793"]
[BlackElo "1610"]
[Annotator "NA RC"]
[PlyCount "97"]
[EventDate "2019.07.13"]
[EventType "swiss"]
[EventCountry "GEO"]
[SourceTitle "playchess.com"]
[Source "ChessBase"]
[SourceQuality "1"]
[TimeControl "40/5400+30:1800+30"]

1. e4 {[%emt 0:03:00]} e6 {[%emt 0:00:00]} 2. d4 {[%emt 0:00:32]} d5 {[%emt 0:00:00]} 3. Nd2 {[%emt 0:00:34]} Nc6 {[%emt 0:00:00]} 4. Ngf3 {[%emt 0:02:26]} Nf6 {[%emt 0:00:00]} 5. e5 {[%emt 0:00:48]} Nd7 {[%emt 0:00:04]} 6. Bb5 {[%emt 0:01:26]} f6 {[%emt 0:00:07]} 7. exf6 {[%emt 0:00:42]} Qxf6 {[%emt 0:00:06]} 8. c3 {[%emt 0:02:42]} Bd6 {[%emt 0:01:07]} 9. Nf1 {[%emt 0:03:34]} O-O {[%emt 0:01:12]} 10. Ne3 {[%emt 0:08:24]} Ne7 {[%emt 0:00:19]} 11. O-O {[%emt 0:00:47]} c6 {[%emt 0:01:47]} 12. Bd3 {[%emt 0:08:41]} Ng6 {[%emt 0:00:22]} 13. Ng4 {[%emt 0:01:33]} Qf7 {[%emt 0:02:27]} 14. Ng5 {[%emt 0:02:25]} Qe7 {[%emt 0:00:19]} 15. Bxg6 {[%emt 0:00:49]} hxg6 {[%emt 0:00:12]} 16. Qd3 {[%emt 0:02:13]} Rf5 {[%emt 0:01:31]} 17. f4 {[%emt 0:02:31]} Nf6 {[%emt 0:07:43]} 18. Nxf6+ {[%emt 0:18:54]} gxf6 {[%emt 0:02:06]} 19. g4 {[%emt 0:00:10]} fxg5 {[%emt 0:09:26]} 20. gxf5 {[%emt 0:00:19]} gxf4 {[%emt 0:01:16]} 21. fxg6 {[%emt 0:05:17]} e5 {[%emt 0:00:07]} 22. dxe5 {[%emt 0:01:03]} Qg5+ {[%emt 0:00:05]} 23. Kh1 {[%emt 0:02:49]} Bf5 {[%emt 0:02:03]} 24. Bxf4 {[%emt 0:02:14]} Qg4 {[%emt 0:01:43]} 25. Qg3 {[%emt 0:02:04]} Be4+ {[%emt 0:00:08]} 26. Kg1 {[%emt 0:00:20]} Bc5+ {[%emt 0:00:06]} 27. Rf2 {[%emt 0:00:33]} Qe2 {[%emt 0:00:29]} 28. Bg5 {[%emt 0:05:23]} Qxb2 {[%emt 0:27:12]} 29. Raf1 {[%emt 0:00:37]} Qe2 {[%emt 0:05:34]} 30. Qh3 {[%emt 0:07:40]} Bxg6 {[%emt 0:05:20]} 31. Bf6 {[%emt 0:02:16]} Qh5 {[%emt 0:07:17]} 32. Qg3 {[%emt 0:04:46]} Kf7 {[%emt 0:01:08]} 33. h4 {[%emt 0:02:13]} Rg8 {[%emt 0:06:07]} 34. Bg5+ {[%emt 0:00:36]} Bf5 {[%emt 0:06:22]} 35. Qf4 {[%emt 0:04:12]} Qh7 {[%emt 0:02:30]} 36. Kh2 {[%emt 0:00:36]} Bxf2 {[%emt 0:00:14]} 37. Rxf2 {[%emt 0:00:17]} Ke6 {[%emt 0:00:17]} 38. Qb4 {[%emt 0:00:48]} Qc7 {[%emt 0:05:47]} 39. Rxf5 {[%emt 0:01:41]} Kxf5 {[%emt 0:00:11]} 40. Qf4+ {[%emt 0:00:05]} Kg6 {[%emt 0:00:40]} 41. Qf6+ {[%emt 0:30:02]} Kh5 {[%emt 0:30:13]} 42. Qh6+ {[%emt 0:00:08]} Kg4 {[%emt 0:00:06]} 43. Qe6+ {[%emt 0:00:10]} Kf3 {[%emt 0:00:27]} 44. Qf5+ {[%emt 0:01:28]} Ke2 {[%emt 0:00:18]} 45. Qc2+ {[%emt 0:00:15]} Ke1 {[%emt 0:00:55]} 46. Qd2+ {[%emt 0:02:10]} Kf1 {[%emt 0:00:12]} 47. Qd3+ {[%emt 0:00:21]} Kf2 {[%emt 0:00:45]} 48. Be3+ {[%emt 0:00:40]} Kf3 {[%emt 0:00:25]} 49. Bb6+ {[%emt 0:00:06]} 1-0